| 000 | 00700nam a22002297a 4500 | ||
|---|---|---|---|
| 005 | 20170124110208.0 | ||
| 010 | _aA-303016 | ||
| 020 |
_c80.00 _a8170060435 |
||
| 035 | _aA-303016 | ||
| 037 | _bCen Lib/Ret | ||
| 040 |
_aDPL _bEN |
||
| 082 |
_a181.432 _bMAR |
||
| 100 |
_aMarques-Rivière, J. _937753 |
||
| 245 |
_aTantrik yoga : _cby J. Marques-Rivière _bHindu and Tibetan / |
||
| 260 |
_aNew Delhi _bAsian Publication Services _c1987 |
||
| 270 |
_bDelhi _e110024 _a243, Defence Colony Flyover Market |
||
| 300 |
_axiv,126p. _c22cm(Hb) |
||
| 500 | _aIncludes index | ||
| 650 |
_a Yoga _937754 |
||
| 650 |
_aYoga -- Tantric Buddhism _937755 |
||
| 942 |
_2ddc _cEN _h181.432 _mMAR |
||
| 999 |
_c133371 _d133371 |
||